| 000 | 00368nam a2200145Ia 4500 | ||
|---|---|---|---|
| 005 | 20260328104340.0 | ||
| 008 | 260328s9999||||xx |||||||||||||| ||und|| | ||
| 100 | _aRiera, Oscar | ||
| 245 | 0 |
_aElements in Architecture : _b Colores, Colori, Cores / _cOscar Riera |
|
| 250 | _a1a ed. | ||
| 260 | _bSchawartz | ||
| 300 | _a192 p. | ||
| 650 | _aMATERIALES | ||
| 942 | _cBK | ||
| 999 |
_c12073 _d12073 |
||